An irreverent history of the PC industry Vol.2 [ Riding the hear
| Format: | Book |
|---|---|
| Published: |
New York :
Ambrose Video Publishing
|
| Subjects: |
MARC
| LEADER | 00000cam a2200000 7i4500 | ||
|---|---|---|---|
| 001 | 0000017434 | ||
| 005 | 20220218.0 | ||
| 040 | |a INS | ||
| 090 | 0 | 0 | |a QA 76.17 |
| 245 | 0 | 3 | |a An irreverent history of the PC industry Vol.2 [ |h video recording] : |b Riding the hear |
| 260 | |a New York : |b Ambrose Video Publishing | ||
| 300 | |a 1 Video cassette (VHS) (1:0) : |b sd., col. ; |c 1/2 in. | ||
| 650 | 0 | 0 | |a Microcomputers |x History |
| 999 | |a VHS980 |b VIDEO |c Media Collection |e Default branch | ||